Harry Potter (difficile) - Statistiques

Statistiques générales
  • Ce quiz a été pris 66 fois
  • Le résultat moyen est 8 sur 15
Statistiques - réponses
Réponses % Correct
Nombre de joueurs dans une équipe de quidditch 7
89%
Dans quel chapitre de "Livre des sorts et enchantements" se trouve Alohomora ? 7
89%
Quel est le temps record du plus long match de quidditch (en mois) ? 3
88%
Nombre de mots prononcés par Ginny dans HP1 2
86%
Nombre de point gagnés par Neville dans HP1 10
81%
Temps de l'épreuve du lac noir dans HP4 1h
60%
Heure de départ du Poudlard Express 11h
54%
De combien de temps Harry et Hermione remontent ils dans HP3 ? 3h
53%
A quelle page se trouve le cours sur les loups garous ? 394
49%
Nombre d'escaliers à Poudlard 142
35%
Age de Dumbledore dans HP1 110
32%
Combien font le numéro du coffre où se cache philosophale - le numéro du coffre de Harry ? 26
23%
Depuis quelle année la boutique Ollivander existe - t - elle ? -382
12%
Chiffre écrit à l'avant du Poudlard Express 5972
12%
Temps des 8 films 19h36
4%
Aucun quiz correspondant
Distribution des résultats
% des personnes avec chaque résultat
Percentile par nombre de réponses
Votre historique - résultats
Vous n’avez pas pris ce quiz